The Greatest Showman Songs - Statistics

General Stats
  • This quiz has been taken 466 times
  • The average score is 9 of 11
Answer Stats
Track no. song title % Correct
7 This Is Me
95%
2 A Million Dreams
93%
1 The Greatest Show
93%
6 Never Enough
89%
8 Rewrite The Stars
82%
5 The Other Side
82%
11 From Now On
80%
9 Tightrope
80%
4 Come Alive
75%
3 A Million Dreams ( Reprise)
63%
10 Never Enough Reprise
59%
No matching quizzes found
Score Distribution
Percent of People with Each Score
Percentile by Number Answered
Your Score History
You have not taken this quiz